【サドンデス】現存する鉄道会社名(正式名称) - Statistics

General Stats
  • This quiz has been taken 1,278 times
    1,277 since last reset
  • The average score is 2 of 25
Answers on the Grid
Answers color-coded by a green-red scale on the quiz's grid according to % correct below.
JR西日本
臺灣總督府鐵道󠄁
南満洲鉄道
成田空港高速鉄道
ほくほく線管理機構
北近畿タンゴ鉄道
甲賀市
京都丹後鉄道
四日市あすなろ鉄道
奈良生駒高速鉄道
四国旅客鉄道
東京急行電鉄
信楽高原鉄道
六甲ケーブル
上飯田連絡線
阪急電鉄
京急電鉄
新京成電鉄
小田原急行電鉄
京王新線
和歌山県
東京メトロ
松本電鉄
信濃鉄道
万葉線
中部国際空港連絡鉄道
東海交通事業
嵐山電気鉄道
北総電鉄
谷津町
高森町
若桜鉄道
若桜町
北九州市
青函トンネル記念館
広島市交通局
鞍馬寺
函館市交通局
福井県
東京臨海高速鉄道
ゆりかもめ
西武鉄道
つくばエクスプレス
皿倉登山鉄道
大阪臨海高速鉄道
大阪市交通局
名古屋臨海高速鉄道
南阿蘇鉄道
芝山鉄道
東京都交通局
 
Answer Stats
Answer % Correct
西武鉄道
27%
東京都交通局
25%
四国旅客鉄道
21%
東京臨海高速鉄道
19%
阪急電鉄
18%
芝山鉄道
17%
若桜鉄道
12%
ゆりかもめ
12%
名古屋臨海高速鉄道
12%
新京成電鉄
11%
南阿蘇鉄道
10%
万葉線
9%
青函トンネル記念館
8%
成田空港高速鉄道
7%
鞍馬寺
7%
北近畿タンゴ鉄道
5%
中部国際空港連絡鉄道
5%
北九州市
5%
奈良生駒高速鉄道
4%
上飯田連絡線
4%
和歌山県
3%
若桜町
3%
南満洲鉄道
2%
甲賀市
2%
皿倉登山鉄道
2%
No matching quizzes found
Score Distribution
Percent of People with Each Score
Percentile by Number Answered
Your Score History
You have not taken this quiz since the last reset